| 000 | 00515nam a22001817a 4500 | ||
|---|---|---|---|
| 005 | 20170907115721.0 | ||
| 010 | _aENG-119955 | ||
| 020 |
_a9789381703342 _c120.00 |
||
| 035 | _aEN-103487 | ||
| 037 | _bDBAD/PUB | ||
| 082 | _a787.67 | ||
| 100 | _aRoy Chowdhury,Subroto | ||
| 245 |
_aThe sound of sitar / _cby Subroto Roy Chowdhury |
||
| 260 |
_aKolkata _bThema _c2014 |
||
| 270 |
_a46,Satish Mukherjee Road _bKolkata _e700 045 |
||
| 300 |
_a105p. _c22cm(pbk) |
||
| 942 |
_2ddc _cEN _h787.67 _mRAI |
||
| 999 |
_c144149 _d144149 |
||